[Event "DVM U14 2023"]
[Site "Magdeburg GER"]
[Date "2023.12.29"]
[Round "5"]
[White "Sauer, Tim"]
[Black "Türel, Tugrul"]
[Result "1-0"]
[Termination "normal"]
[Board "2.1"]
[WhiteElo "2155"]
[BlackElo "2002"]
[WhiteClock "00:04:59"]
[BlackClock "00:33:54"]
[WhiteTeam "Schachzentrum Bemerode"]
[BlackTeam "SF München"]
[PlyCount "49"]
[WhiteFideId "16265726"]
[BlackFideId "26338408"]
[EventCountry "GER"]
[EventRounds "7"]
[EventType "team-swiss"]
[EventDate "2023.12.26"]

1. c4 {[%clk 01:30:57]} {[%emt 00:00:02]} c5 {[%clk 01:30:47]} {[%emt
00:00:13]} 2. Nc3 {[%clk 01:31:15]} {[%emt 00:00:12]} Nc6 {[%clk 01:31:12]}
{[%emt 00:00:06]} 3. g3 {[%clk 01:31:34]} {[%emt 00:00:11]} g6 {[%clk
01:31:31]} {[%emt 00:00:10]} 4. Bg2 {[%clk 01:31:57]} {[%emt 00:00:07]} Bg7
{[%clk 01:31:58]} {[%emt 00:00:04]} 5. Nf3 {[%clk 01:32:15]} {[%emt 00:00:12]}
e5 {[%clk 01:30:36]} {[%emt 00:01:51]} 6. O-O {[%clk 01:32:30]} {[%emt
00:00:15]} Nge7 {[%clk 01:31:03]} {[%emt 00:00:04]} 7. Ne1 {[%clk 01:30:44]}
{[%emt 00:02:16]} O-O {[%clk 01:30:58]} {[%emt 00:00:35]} 8. Nc2 {[%clk
01:30:38]} {[%emt 00:00:36]} a6 {[%clk 01:29:17]} {[%emt 00:02:10]} 9. a3
{[%clk 01:29:35]} {[%emt 00:01:32]} Rb8 {[%clk 01:29:28]} {[%emt 00:00:20]} 10.
b4 {[%clk 01:27:07]} {[%emt 00:02:59]} cxb4 {[%clk 01:29:47]} {[%emt 00:00:10]}
11. axb4 {[%clk 01:16:11]} {[%emt 00:11:26]} b5 {[%clk 01:30:13]} {[%emt
00:00:05]} 12. c5 {[%clk 01:16:06]} {[%emt 00:00:35]} a5 {[%clk 01:26:14]}
{[%emt 00:04:29]} 13. bxa5 {[%clk 00:45:23]} {[%emt 00:31:12]} b4 {[%clk
01:24:40]} {[%emt 00:02:04]} 14. Na4 {[%clk 00:45:47]} {[%emt 00:00:06]} Nxa5
{[%clk 01:22:56]} {[%emt 00:02:13]} 15. Nb6 {[%clk 00:33:18]} {[%emt 00:13:00]}
Nb3 {[%clk 01:21:20]} {[%emt 00:02:07]} 16. Rb1 {[%clk 00:33:43]} {[%emt
00:00:05]} Nxc5 {[%clk 01:21:45]} {[%emt 00:00:05]} 17. Nxc8 {[%clk 00:34:06]}
{[%emt 00:00:06]} Rxc8 {[%clk 01:14:24]} {[%emt 00:07:50]} 18. Rxb4 {[%clk
00:27:33]} {[%emt 00:07:05]} Qa5 {[%clk 01:08:10]} {[%emt 00:06:43]} 19. d3
{[%clk 00:23:27]} {[%emt 00:04:36]} d5 {[%emt 00:27:17]} 20. Bd2 {[%clk
00:20:28]} {[%emt 00:00:11]} Qa2 {[%emt 00:11:41]} 21. Ne3 {[%clk 00:07:42]}
{[%emt 00:02:45]} Rfd8 {[%clk 00:33:54]} {[%emt 00:01:27]} 22. Rb5 {[%clk
00:01:38]} Ne6 23. Ra5 {[%clk 00:04:59]} Qb2 24. Nxd5 {[%clk 00:04:59]} Nxd5
{[%clk 00:33:54]} 25. Rxd5 {[%clk 00:04:59]} 1-0

[Event "DVM U14 2023"]
[Site "Magdeburg GER"]
[Date "2023.12.29"]
[Round "5"]
[White "Nguyen, Leon"]
[Black "Gärtner, Alessandro"]
[Result "0-1"]
[Termination "normal"]
[Board "2.2"]
[WhiteElo "1750"]
[BlackElo "1660"]
[WhiteClock "00:33:27"]
[BlackClock "00:02:29"]
[WhiteTeam "SF München"]
[BlackTeam "Schachzentrum Bemerode"]
[PlyCount "112"]
[WhiteFideId "34645667"]
[BlackFideId "16268024"]
[EventCountry "GER"]
[EventRounds "7"]
[EventType "team-swiss"]
[EventDate "2023.12.26"]

1. d4 {[%clk 01:30:59]} d5 {[%clk 01:30:49]} {[%emt 00:00:11]} 2. c4 {[%clk
01:31:19]} {[%emt 00:00:10]} e6 {[%clk 01:31:12]} {[%emt 00:00:07]} 3. Nf3
{[%clk 01:31:40]} {[%emt 00:00:09]} Nf6 {[%clk 01:31:28]} {[%emt 00:00:14]} 4.
Bf4 {[%clk 01:31:57]} {[%emt 00:00:12]} Be7 {[%clk 01:29:15]} {[%emt 00:02:43]}
5. Nc3 {[%clk 01:32:18]} {[%emt 00:00:10]} O-O {[%clk 01:29:21]} {[%emt
00:00:24]} 6. e3 {[%clk 01:32:39]} {[%emt 00:00:09]} b6 {[%clk 01:28:20]}
{[%emt 00:01:31]} 7. Bg3 {[%clk 01:32:06]} {[%emt 00:01:03]} Bb7 {[%clk
01:27:52]} {[%emt 00:00:58]} 8. cxd5 {[%clk 01:32:29]} {[%emt 00:00:07]} Nxd5
{[%clk 01:27:33]} {[%emt 00:00:50]} 9. Bd3 {[%clk 01:32:35]} {[%emt 00:00:23]}
c5 {[%clk 01:25:49]} {[%emt 00:02:14]} 10. O-O {[%clk 01:32:13]} {[%emt
00:00:52]} cxd4 {[%clk 01:19:09]} {[%emt 00:07:10]} 11. Nxd4 {[%clk 01:25:54]}
{[%emt 00:06:49]} Nd7 {[%clk 01:09:36]} {[%emt 00:10:03]} 12. Nxd5 {[%clk
01:21:16]} {[%emt 00:05:08]} Bxd5 {[%clk 01:09:36]} {[%emt 00:00:30]} 13. Nb5
{[%clk 01:20:25]} {[%emt 00:01:21]} Nc5 {[%clk 01:03:38]} {[%emt 00:06:28]} 14.
Be2 {[%clk 01:12:04]} {[%emt 00:08:51]} Bb7 {[%clk 00:48:34]} {[%emt 00:15:34]}
15. Nd6 {[%clk 01:05:16]} {[%emt 00:07:18]} Bd5 {[%clk 00:37:52]} {[%emt
00:11:11]} 16. Nb5 {[%clk 01:01:20]} {[%emt 00:04:27]} Ne4 {[%clk 00:33:38]}
{[%emt 00:04:44]} 17. Bf4 {[%clk 00:53:57]} {[%emt 00:07:47]} Bg5 {[%clk
00:30:56]} {[%emt 00:03:18]} 18. Bxg5 {[%clk 00:48:17]} {[%emt 00:06:10]} Qxg5
{[%clk 00:31:12]} {[%emt 00:00:14]} 19. Bf3 {[%clk 00:47:53]} {[%emt 00:00:54]}
Nxf2 {[%clk 00:27:17]} {[%emt 00:04:25]} 20. Rxf2 {[%clk 00:40:15]} {[%emt
00:08:08]} Bxf3 {[%clk 00:27:30]} {[%emt 00:00:17]} 21. Qxf3 {[%clk 00:40:44]}
Qxb5 {[%clk 00:27:46]} {[%emt 00:00:13]} 22. Raf1 {[%clk 00:41:13]} {[%emt
00:00:02]} Qe5 {[%clk 00:23:16]} {[%emt 00:05:00]} 23. Kh1 {[%clk 00:41:06]}
{[%emt 00:00:37]} Rac8 {[%clk 00:22:11]} {[%emt 00:01:35]} 24. Rd2 {[%clk
00:38:47]} {[%emt 00:02:48]} Rc7 {[%clk 00:21:28]} {[%emt 00:01:13]} 25. Rfd1
{[%clk 00:35:45]} {[%emt 00:03:33]} h6 {[%clk 00:19:32]} {[%emt 00:02:26]} 26.
Rf1 {[%clk 00:33:22]} {[%emt 00:02:53]} Qa5 {[%clk 00:16:05]} {[%emt 00:03:57]}
27. Rfd1 {[%clk 00:31:20]} {[%emt 00:02:30]} Qxa2 {[%clk 00:09:55]} {[%emt
00:06:41]} 28. Rd8 {[%clk 00:31:30]} {[%emt 00:00:21]} Rc8 {[%clk 00:09:43]}
{[%emt 00:00:43]} 29. R8d7 {[%clk 00:31:18]} {[%emt 00:00:41]} Qxb2 {[%clk
00:08:15]} {[%emt 00:01:58]} 30. Rxa7 {[%clk 00:31:41]} {[%emt 00:00:07]} Rc1
{[%clk 00:06:22]} {[%emt 00:02:22]} 31. h3 {[%clk 00:31:39]} {[%emt 00:00:33]}
b5 {[%clk 00:05:02]} {[%emt 00:01:51]} 32. Kh2 {[%clk 00:31:55]} {[%emt
00:00:13]} Rxd1 {[%clk 00:05:04]} {[%emt 00:00:28]} 33. Qxd1 {[%clk 00:32:15]}
{[%emt 00:00:10]} Qe5+ {[%clk 00:05:29]} {[%emt 00:00:05]} 34. Kh1 {[%clk
00:32:40]} {[%emt 00:00:04]} Qxe3 {[%clk 00:05:42]} {[%emt 00:00:17]} 35. Rb7
{[%clk 00:32:31]} {[%emt 00:00:40]} Qe5 {[%clk 00:05:31]} {[%emt 00:00:40]} 36.
Qd7 {[%clk 00:32:12]} {[%emt 00:00:50]} b4 {[%clk 00:05:32]} {[%emt 00:00:29]}
37. Qe7 {[%clk 00:32:33]} {[%emt 00:00:08]} b3 {[%clk 00:04:19]} {[%emt
00:01:43]} 38. Rxb3 {[%clk 00:31:48]} {[%emt 00:01:15]} Rc8 {[%clk 00:03:58]}
{[%emt 00:00:51]} 39. Rb1 {[%clk 00:31:56]} {[%emt 00:00:21]} Qf4 {[%clk
00:03:46]} {[%emt 00:00:43]} 40. Rd1 {[%clk 00:30:29]} {[%emt 00:01:58]} Rc1
{[%clk 00:01:10]} {[%emt 00:03:06]} 41. Qd8+ {[%clk 00:30:33]} {[%emt
00:00:26]} Kh7 {[%clk 00:01:30]} {[%emt 00:00:10]} 42. Qd3+ {[%clk 00:30:55]}
{[%emt 00:00:08]} f5 {[%clk 00:01:16]} {[%emt 00:00:44]} 43. Rxc1 {[%clk
00:31:06]} {[%emt 00:00:19]} Qxc1+ {[%clk 00:01:39]} {[%emt 00:00:07]} 44. Kh2
{[%clk 00:31:27]} {[%emt 00:00:09]} Qf4+ {[%clk 00:01:58]} {[%emt 00:00:11]}
45. g3 {[%clk 00:31:41]} {[%emt 00:00:17]} Qf2+ {[%clk 00:02:12]} {[%emt
00:00:15]} 46. Kh1 {[%clk 00:31:54]} {[%emt 00:00:17]} e5 {[%clk 00:01:29]}
{[%emt 00:01:13]} 47. g4 {[%clk 00:32:10]} {[%emt 00:00:12]} e4 {[%clk
00:01:13]} {[%emt 00:00:47]} 48. Qd5 {[%clk 00:32:15]} {[%emt 00:00:26]} Qf3+
{[%clk 00:01:21]} {[%emt 00:00:22]} 49. Kh2 {[%clk 00:32:43]} {[%emt 00:00:01]}
Qf4+ {[%clk 00:01:36]} {[%emt 00:00:15]} 50. Kh1 {[%clk 00:32:56]} {[%emt
00:00:17]} fxg4 {[%clk 00:01:59]} {[%emt 00:00:08]} 51. hxg4 {[%clk 00:33:24]}
{[%emt 00:00:02]} Qxg4 {[%clk 00:02:20]} {[%emt 00:00:08]} 52. Qe5 {[%clk
00:33:25]} {[%emt 00:00:29]} Qf3+ {[%clk 00:02:29]} {[%emt 00:00:22]} 53. Kh2
{[%clk 00:33:27]} e3 {[%clk 00:02:29]} 54. Qd4 {[%clk 00:33:27]} e2 {[%clk
00:02:29]} 55. Qb2 {[%clk 00:33:27]} Qf2+ {[%clk 00:02:29]} 56. Kh3 {[%clk
00:33:27]} e1=Q {[%clk 00:02:29]} 0-1

[Event "DVM U14 2023"]
[Site "Magdeburg GER"]
[Date "2023.12.29"]
[Round "5"]
[White "Lavrov, Nikolay"]
[Black "Merenda, Lukas-Benedikt"]
[Result "0-1"]
[Termination "normal"]
[Board "2.3"]
[WhiteElo "1607"]
[BlackElo "1707"]
[WhiteClock "00:00:44"]
[BlackClock "00:37:36"]
[WhiteTeam "Schachzentrum Bemerode"]
[BlackTeam "SF München"]
[PlyCount "58"]
[WhiteFideId "34617701"]
[BlackFideId "34603336"]
[EventCountry "GER"]
[EventRounds "7"]
[EventType "team-swiss"]
[EventDate "2023.12.26"]

1. e4 {[%clk 01:30:56]} {[%emt 00:00:03]} c5 {[%clk 01:30:55]} {[%emt
00:00:05]} 2. Nf3 {[%clk 01:31:21]} {[%emt 00:00:06]} Nc6 {[%clk 01:31:20]}
{[%emt 00:00:04]} 3. d4 {[%clk 01:31:44]} {[%emt 00:00:07]} cxd4 {[%clk
01:31:45]} {[%emt 00:00:05]} 4. Nxd4 {[%clk 01:32:09]} {[%emt 00:00:05]} Nf6
{[%clk 01:32:08]} {[%emt 00:00:08]} 5. Nc3 {[%clk 01:32:30]} {[%emt 00:00:08]}
e5 {[%clk 01:32:30]} {[%emt 00:00:08]} 6. Ndb5 {[%clk 01:32:55]} {[%emt
00:00:05]} d6 {[%clk 01:32:52]} {[%emt 00:00:08]} 7. Bg5 {[%clk 01:33:10]}
{[%emt 00:00:14]} a6 {[%clk 01:33:16]} {[%emt 00:00:07]} 8. Na3 {[%clk
01:33:34]} {[%emt 00:00:06]} b5 {[%clk 01:33:42]} {[%emt 00:00:04]} 9. Nd5
{[%clk 01:33:58]} {[%emt 00:00:06]} Be7 {[%clk 01:34:07]} {[%emt 00:00:05]} 10.
Bxf6 {[%clk 01:34:19]} {[%emt 00:00:10]} Bxf6 {[%clk 01:34:20]} {[%emt
00:00:16]} 11. c4 {[%clk 01:34:38]} {[%emt 00:00:11]} b4 {[%clk 01:34:37]}
{[%emt 00:00:13]} 12. Nc2 {[%clk 01:35:02]} {[%emt 00:00:06]} O-O {[%clk
01:35:00]} {[%emt 00:00:06]} 13. Qf3 {[%clk 01:34:37]} {[%emt 00:00:55]} Bg5
{[%clk 01:34:42]} {[%emt 00:00:49]} 14. h4 {[%clk 01:34:26]} {[%emt 00:00:42]}
Bh6 {[%clk 01:35:05]} {[%emt 00:00:07]} 15. g4 {[%clk 01:27:11]} {[%emt
00:07:44]} f6 {[%clk 01:34:52]} {[%emt 00:00:43]} 16. Qg3 {[%clk 01:15:22]}
{[%emt 00:12:20]} Ra7 {[%clk 01:22:25]} {[%emt 00:12:56]} 17. Rg1 {[%clk
01:09:03]} {[%emt 00:06:49]} g6 {[%clk 01:13:54]} {[%emt 00:09:01]} 18. g5
{[%clk 01:02:45]} {[%emt 00:06:48]} Bg7 {[%clk 01:13:01]} {[%emt 00:01:22]} 19.
c5 {[%clk 00:38:57]} {[%emt 00:24:19]} dxc5 {[%clk 00:56:33]} {[%emt 00:16:58]}
20. Rd1 {[%clk 00:30:32]} {[%emt 00:08:54]} Nd4 {[%clk 00:52:09]} {[%emt
00:04:54]} 21. Nxd4 {[%clk 00:29:54]} {[%emt 00:01:08]} exd4 {[%clk 00:50:24]}
{[%emt 00:02:15]} 22. gxf6 {[%clk 00:23:34]} {[%emt 00:06:51]} Bxf6 {[%clk
00:49:09]} {[%emt 00:01:45]} 23. h5 {[%clk 00:20:29]} {[%emt 00:03:35]} Bh4
{[%clk 00:44:05]} {[%emt 00:05:34]} 24. Qe5 {[%emt 00:11:22]} Rxf2 {[%clk
00:40:35]} {[%emt 00:03:59]} 25. Rg3 {[%clk 00:05:57]} {[%emt 00:04:12]} Rf3
{[%clk 00:37:53]} {[%emt 00:03:12]} 26. Ne7+ {[%clk 00:01:36]} {[%emt
00:04:50]} Rxe7 {[%clk 00:37:15]} {[%emt 00:01:07]} 27. Bc4+ {[%clk 00:01:11]}
{[%emt 00:00:56]} Ref7 {[%clk 00:37:15]} {[%emt 00:00:30]} 28. Bxf7+ {[%clk
00:00:44]} {[%emt 00:00:57]} Kxf7 {[%clk 00:37:36]} 29. hxg6+ {[%clk 00:00:44]}
hxg6 {[%clk 00:37:36]} 0-1

[Event "DVM U14 2023"]
[Site "Magdeburg GER"]
[Date "2023.12.29"]
[Round "5"]
[White "Büchel, David"]
[Black "Niazai, Muhammad"]
[Result "1-0"]
[Termination "normal"]
[Board "2.4"]
[WhiteElo "1572"]
[BlackElo "1462"]
[WhiteClock "00:18:11"]
[BlackClock "00:28:13"]
[WhiteTeam "SF München"]
[BlackTeam "Schachzentrum Bemerode"]
[PlyCount "100"]
[WhiteFideId "34603689"]
[BlackFideId "34681701"]
[EventCountry "GER"]
[EventRounds "7"]
[EventType "team-swiss"]
[EventDate "2023.12.26"]

1. e4 {[%clk 01:30:58]} {[%emt 00:00:01]} c5 {[%clk 01:30:55]} {[%emt
00:00:06]} 2. Nf3 {[%clk 01:31:21]} {[%emt 00:00:06]} Nc6 {[%clk 01:31:19]}
{[%emt 00:00:07]} 3. d4 {[%clk 01:31:44]} {[%emt 00:00:07]} cxd4 {[%clk
01:31:43]} {[%emt 00:00:06]} 4. Nxd4 {[%clk 01:32:04]} {[%emt 00:00:09]} g6
{[%clk 01:32:01]} {[%emt 00:00:13]} 5. c4 {[%clk 01:31:45]} {[%emt 00:00:49]}
Bg7 {[%clk 01:32:22]} {[%emt 00:00:08]} 6. Be3 {[%clk 01:32:07]} {[%emt
00:00:08]} Nf6 {[%clk 01:32:25]} {[%emt 00:00:28]} 7. Nc3 {[%clk 01:32:21]}
{[%emt 00:00:15]} d6 {[%clk 01:32:08]} {[%emt 00:00:47]} 8. Be2 {[%clk
01:32:29]} {[%emt 00:00:22]} Bd7 {[%clk 01:31:03]} {[%emt 00:01:36]} 9. O-O
{[%clk 01:30:04]} {[%emt 00:02:54]} O-O {[%clk 01:30:08]} {[%emt 00:01:26]} 10.
h3 {[%clk 01:28:02]} {[%emt 00:02:32]} Qc7 {[%clk 01:25:12]} {[%emt 00:05:26]}
11. Qd2 {[%clk 01:24:44]} {[%emt 00:03:47]} Rfc8 {[%clk 01:24:07]} {[%emt
00:01:36]} 12. Rac1 {[%clk 01:23:38]} {[%emt 00:01:35]} Qd8 {[%clk 01:23:44]}
{[%emt 00:00:54]} 13. f4 {[%clk 01:18:08]} {[%emt 00:05:59]} Nxd4 {[%clk
01:12:50]} {[%emt 00:11:25]} 14. Bxd4 {[%clk 01:16:02]} {[%emt 00:02:36]} Bc6
{[%clk 01:11:42]} {[%emt 00:01:38]} 15. Bf3 {[%clk 01:11:09]} {[%emt 00:05:22]}
Nd7 {[%clk 00:57:24]} {[%emt 00:14:48]} 16. Bg4 {[%clk 00:57:10]} {[%emt
00:14:29]} h5 {[%clk 00:52:45]} {[%emt 00:05:09]} 17. Be2 {[%clk 00:54:55]}
{[%emt 00:02:46]} Nc5 {[%clk 00:39:31]} {[%emt 00:12:17]} 18. b3 {[%clk
00:44:47]} {[%emt 00:12:05]} Bh6 {[%clk 00:30:57]} {[%emt 00:09:04]} 19. Qc2
{[%clk 00:31:42]} {[%emt 00:13:35]} e5 {[%clk 00:28:17]} {[%emt 00:03:09]} 20.
Be3 {[%clk 00:28:08]} {[%emt 00:04:05]} Qh4 {[%clk 00:24:26]} {[%emt 00:04:18]}
21. Bf2 {[%clk 00:26:16]} {[%emt 00:02:23]} Qe7 {[%clk 00:22:53]} {[%emt
00:02:04]} 22. Bg3 {[%clk 00:24:14]} {[%emt 00:02:32]} Re8 {[%clk 00:19:26]}
{[%emt 00:03:57]} 23. Bd3 {[%clk 00:20:57]} {[%emt 00:03:48]} exf4 {[%clk
00:16:47]} {[%emt 00:03:08]} 24. Bxf4 {[%clk 00:19:57]} {[%emt 00:01:30]} Bxf4
{[%clk 00:17:15]} {[%emt 00:00:02]} 25. Rxf4 {[%clk 00:20:02]} {[%emt
00:00:25]} Qe5 {[%clk 00:17:29]} {[%emt 00:00:17]} 26. Rf2 {[%clk 00:10:29]}
{[%emt 00:10:02]} Nxe4 {[%clk 00:15:15]} {[%emt 00:02:44]} 27. Nxe4 {[%clk
00:07:24]} {[%emt 00:03:35]} Bxe4 {[%clk 00:15:32]} {[%emt 00:00:13]} 28. Bxe4
{[%clk 00:07:14]} {[%emt 00:00:40]} Qxe4 {[%clk 00:15:56]} {[%emt 00:00:06]}
29. Qxe4 {[%clk 00:06:44]} {[%emt 00:01:00]} Rxe4 {[%clk 00:16:21]} {[%emt
00:00:06]} 30. Rd1 {[%clk 00:05:40]} {[%emt 00:01:33]} Rd8 {[%clk 00:14:24]}
{[%emt 00:02:27]} 31. Rfd2 {[%clk 00:05:01]} {[%emt 00:01:10]} b6 {[%clk
00:10:01]} {[%emt 00:04:53]} 32. Rxd6 {[%clk 00:02:10]} {[%emt 00:03:20]} Rxd6
{[%clk 00:10:30]} {[%emt 00:00:02]} 33. Rxd6 {[%clk 00:02:31]} {[%emt
00:00:08]} Re2 {[%clk 00:10:42]} {[%emt 00:00:18]} 34. c5 {[%clk 00:00:45]}
{[%emt 00:02:17]} bxc5 {[%clk 00:09:18]} {[%emt 00:01:54]} 35. Ra6 {[%clk
00:01:08]} {[%emt 00:00:06]} Re7 {[%clk 00:08:38]} {[%emt 00:01:10]} 36. Rc6
{[%clk 00:01:14]} {[%emt 00:00:25]} a5 {[%clk 00:07:00]} {[%emt 00:02:03]} 37.
Rxc5 {[%clk 00:01:24]} {[%emt 00:00:25]} Ra7 {[%clk 00:07:21]} {[%emt
00:00:08]} 38. Rc4 {[%clk 00:00:59]} {[%emt 00:00:55]} Kf8 {[%clk 00:07:43]}
{[%emt 00:00:09]} 39. Ra4 {[%clk 00:01:05]} {[%emt 00:00:23]} Ke7 {[%clk
00:06:49]} {[%emt 00:01:24]} 40. b4 {[%clk 00:01:23]} {[%emt 00:00:12]} Rb7
{[%clk 00:06:14]} {[%emt 00:01:05]} 41. bxa5 {[%clk 00:00:45]} {[%emt
00:01:09]} Ra7 {[%clk 00:06:15]} {[%emt 00:00:28]} 42. a6 {[%clk 00:29:45]}
{[%emt 00:01:31]} Kf6 {[%clk 00:33:32]} {[%emt 00:03:08]} 43. Kf2 {[%clk
00:28:02]} {[%emt 00:02:16]} h4 {[%clk 00:30:35]} {[%emt 00:03:28]} 44. Kf3
{[%clk 00:27:09]} {[%emt 00:01:23]} Kg5 {[%clk 00:30:09]} {[%emt 00:00:55]} 45.
Ke4 {[%clk 00:23:53]} {[%emt 00:03:47]} f5+ {[%clk 00:27:34]} {[%emt 00:03:05]}
46. Kd5 {[%clk 00:23:03]} {[%emt 00:01:20]} Kh5 {[%clk 00:27:02]} {[%emt
00:01:02]} 47. Kc6 {[%clk 00:23:20]} {[%emt 00:00:14]} g5 {[%clk 00:27:18]}
{[%emt 00:00:13]} 48. Kb6 {[%clk 00:23:39]} {[%emt 00:00:11]} Ra8 {[%clk
00:27:38]} {[%emt 00:00:11]} 49. Kb7 {[%clk 00:17:52]} {[%emt 00:06:17]} Rf8
{[%clk 00:27:50]} {[%emt 00:00:16]} 50. a7 {[%clk 00:18:11]} {[%emt 00:00:12]}
g4 {[%clk 00:28:13]} {[%emt 00:00:07]} 1-0

[Event "DVM U14 2023"]
[Site "Magdeburg GER"]
[Date "2023.12.29"]
[Round "5"]
[White "Marcziter, Alex"]
[Black "Fruth, David"]
[Result "1-0"]
[Termination "normal"]
[Board "3.1"]
[WhiteElo "1843"]
[BlackElo "1881"]
[WhiteClock "00:07:24"]
[BlackClock "00:07:26"]
[WhiteTeam "SG Porz"]
[BlackTeam "USV TU Dresden"]
[PlyCount "89"]
[WhiteFideId "16258126"]
[BlackFideId "16257596"]
[EventCountry "GER"]
[EventRounds "7"]
[EventType "team-swiss"]
[EventDate "2023.12.26"]

1. e4 {[%clk 01:30:57]} {[%emt 00:00:03]} c5 {[%clk 01:30:59]} {[%emt
00:00:03]} 2. Nc3 {[%clk 01:31:06]} {[%emt 00:00:20]} Nc6 {[%clk 01:31:21]}
{[%emt 00:00:08]} 3. g3 {[%clk 01:31:13]} {[%emt 00:00:22]} g6 {[%clk
01:31:27]} {[%emt 00:00:24]} 4. Bg2 {[%clk 01:31:18]} {[%emt 00:00:25]} Bg7
{[%clk 01:31:56]} {[%emt 00:00:02]} 5. d3 {[%clk 01:31:23]} {[%emt 00:00:24]}
d6 {[%clk 01:32:15]} {[%emt 00:00:12]} 6. f4 {[%clk 01:31:08]} {[%emt
00:00:45]} Rb8 {[%clk 01:30:32]} {[%emt 00:02:13]} 7. Nf3 {[%clk 01:29:43]}
{[%emt 00:01:55]} b5 {[%clk 01:26:51]} {[%emt 00:04:11]} 8. O-O {[%clk
01:26:21]} {[%emt 00:03:51]} Nf6 {[%clk 01:23:49]} {[%emt 00:03:32]} 9. h3
{[%clk 01:25:34]} {[%emt 00:01:17]} b4 {[%clk 01:21:14]} {[%emt 00:03:06]} 10.
Ne2 {[%clk 01:25:14]} {[%emt 00:00:50]} Bb7 {[%clk 01:20:41]} {[%emt 00:01:03]}
11. g4 {[%clk 01:20:13]} {[%emt 00:05:31]} Nd4 {[%clk 01:16:26]} {[%emt
00:04:45]} 12. Nfxd4 {[%clk 01:12:25]} {[%emt 00:08:18]} cxd4 {[%clk 01:16:54]}
{[%emt 00:00:02]} 13. f5 {[%clk 01:11:20]} {[%emt 00:01:34]} gxf5 {[%clk
01:14:57]} {[%emt 00:02:26]} 14. exf5 {[%clk 01:07:12]} {[%emt 00:04:38]} Bxg2
{[%clk 01:14:36]} {[%emt 00:00:53]} 15. Kxg2 {[%clk 01:07:33]} {[%emt
00:00:08]} Nd5 {[%clk 01:14:22]} {[%emt 00:00:44]} 16. Ng3 {[%clk 01:04:35]}
{[%emt 00:03:28]} Be5 {[%clk 01:12:26]} {[%emt 00:02:26]} 17. Qf3 {[%clk
01:03:18]} {[%emt 00:01:47]} Rb5 {[%clk 01:09:11]} {[%emt 00:03:45]} 18. g5
{[%clk 01:00:18]} {[%emt 00:03:30]} Rg8 {[%clk 01:07:18]} {[%emt 00:02:24]} 19.
Kh1 {[%clk 00:53:53]} {[%emt 00:06:54]} Qc7 {[%clk 01:05:11]} {[%emt 00:02:36]}
20. Rf2 {[%clk 00:52:41]} {[%emt 00:01:43]} Rc5 {[%clk 01:04:33]} {[%emt
00:01:08]} 21. Nf1 {[%clk 00:47:58]} {[%emt 00:05:12]} Nb6 {[%clk 01:04:25]}
{[%emt 00:00:39]} 22. Qg2 {[%clk 00:46:05]} {[%emt 00:02:24]} Kd7 {[%clk
01:03:08]} {[%emt 00:01:47]} 23. Nh2 {[%clk 00:44:49]} {[%emt 00:01:46]} h6
{[%clk 01:01:27]} {[%emt 00:02:12]} 24. g6 {[%clk 00:43:32]} {[%emt 00:01:46]}
fxg6 {[%clk 00:58:59]} {[%emt 00:02:58]} 25. fxg6 {[%clk 00:43:24]} {[%emt
00:00:37]} h5 {[%clk 00:58:14]} {[%emt 00:01:16]} 26. Bh6 {[%clk 00:39:42]}
{[%emt 00:04:11]} Nd5 {[%clk 00:56:46]} {[%emt 00:01:58]} 27. Nf1 {[%clk
00:31:43]} {[%emt 00:08:29]} Qc6 {[%clk 00:52:02]} {[%emt 00:05:15]} 28. Re1
{[%clk 00:26:57]} {[%emt 00:05:15]} Ne3 {[%clk 00:47:53]} {[%emt 00:04:40]} 29.
Nxe3 {[%clk 00:22:39]} {[%emt 00:04:47]} dxe3 {[%clk 00:48:12]} {[%emt
00:00:11]} 30. Qxc6+ {[%clk 00:22:46]} {[%emt 00:00:23]} Rxc6 {[%clk 00:48:40]}
{[%emt 00:00:02]} 31. Rg2 {[%clk 00:23:02]} {[%emt 00:00:14]} d5 {[%clk
00:39:52]} {[%emt 00:09:17]} 32. Bxe3 {[%clk 00:18:45]} {[%emt 00:04:47]} Bxb2
{[%clk 00:29:20]} {[%emt 00:11:02]} 33. Bxa7 {[%clk 00:16:37]} {[%emt
00:02:38]} Bc3 {[%clk 00:28:52]} {[%emt 00:00:57]} 34. Reg1 {[%clk 00:16:37]}
{[%emt 00:00:31]} Ra6 {[%clk 00:29:08]} {[%emt 00:00:14]} 35. Bc5 {[%clk
00:15:00]} {[%emt 00:02:07]} Rxa2 {[%clk 00:29:12]} {[%emt 00:00:26]} 36. d4
{[%clk 00:14:18]} {[%emt 00:01:12]} Ra1 {[%clk 00:27:22]} {[%emt 00:02:19]} 37.
Rxa1 {[%clk 00:13:21]} {[%emt 00:01:28]} Bxa1 {[%clk 00:27:51]} {[%emt
00:00:02]} 38. Rg5 {[%clk 00:13:15]} {[%emt 00:00:35]} Ke6 {[%clk 00:13:04]}
{[%emt 00:15:17]} 39. Rxh5 {[%clk 00:07:54]} {[%emt 00:05:51]} Rxg6 {[%clk
00:12:27]} {[%emt 00:01:08]} 40. Re5+ {[%clk 00:08:05]} {[%emt 00:00:18]} Kf7
{[%clk 00:09:00]} {[%emt 00:03:57]} 41. Rxd5 {[%clk 00:07:02]} {[%emt
00:01:33]} Rg3 {[%clk 00:08:13]} {[%emt 00:01:18]} 42. Kh2 {[%clk 00:07:06]}
{[%emt 00:00:25]} Rc3 {[%clk 00:08:31]} {[%emt 00:00:11]} 43. Bxb4 {[%clk
00:07:19]} {[%emt 00:00:19]} Rxc2+ {[%clk 00:08:55]} {[%emt 00:00:06]} 44. Kg3
{[%clk 00:07:41]} {[%emt 00:00:07]} Bc3 {[%clk 00:07:26]} {[%emt 00:01:59]} 45.
Rc5 {[%clk 00:07:24]} {[%emt 00:00:48]} 1-0